Reformas estructurales, distribución del ingreso y ahorro familiar en el Perú / (Record no. 2085)

000 -CABECERA
fixed length control field 00858nam a22002177a 4500
003 - IDENTIFICADOR DEL NÚMERO DE CONTROL
control field AR-CdUCM
008 - DATOS DE LONGITUD FIJA--INFORMACIÓN GENERAL
fixed length control field 190301b ||||| |||| 00| 0 spa d
040 ## - FUENTE DE LA CATALOGACIÓN
Agencia/entidad que catalogó originalmente la obra MUNICIPALIDAD PROVINCIAL DEL CUSCO
Entidad que transcribió la catalogación BIBLIOTECA MUNICIPAL DEL CUSCO
082 ## - NÚMERO DE LA CLASIFICACIÓN DECIMAL DEWEY
No. de Clasificación 330.5 /
Notacion interna L54
100 ## - ENTRADA PRINCIPAL--NOMBRE DE PERSONA
Nombre Personal Levano de Rsi, Cecilia
245 ## - MENCIÓN DE TÍTULO
Título Reformas estructurales, distribución del ingreso y ahorro familiar en el Perú /
260 ## - PUBLICACIÓN, DISTRIBUCIÓN, ETC.
Lugar de publicación, distribución, etc. Lima :
Nombre de la editorial, distribuidor, etc. CIE,
Fecha de publicación, distribución, etc. 1998.
300 ## - DESCRIPCIÓN FÍSICA
Nº de Páginas Extensión 76 páginas ;
Dimensiones 21 cm.
440 ## - MENCIÓN DE SERIE/PUNTO DE ACCESO ADICIONAL--TÍTULO
Título Investigaciones breves
Número de la parte/sección de una obra 8
9 (RLIN) 7540
505 ## - NOTA DE CONTENIDO CON FORMATO
Nota de contenido formateada Determinantes de ahorro de familias -- Las reformas estructurales y el impacto en el ahorro en las familias -- Evidencia empírica en el caso peruano...
650 ## - PUNTO DE ACCESO ADICIONAL DE MATERIA--TÉRMINO DE MATERIA
Descriptor Ahorro familiar.
9 (RLIN) 7541
650 ## - PUNTO DE ACCESO ADICIONAL DE MATERIA--TÉRMINO DE MATERIA
Descriptor Ingreso familiar.
9 (RLIN) 7542
700 ## - PUNTO DE ACCESO ADICIONAL--NOMBRE DE PERSONA
Nombre Personal Llontop Ledesma, Pedro
9 (RLIN) 7543
942 ## - ELEMENTOS DE PUNTO DE ACCESO ADICIONAL (KOHA)
Fuente de clasificación
Tipo de item Libros-BMC
945 ## - PROCESAMIENTO DE INFORMACIÓN LOCAL (OCLC)
Catalogador wfj
AAAA-MM-DD - Fecha de ingreso o modificacion 2019-02-01
Holdings
Estado de retiro (separado) Fuente de clasificación o esquema de estanterías Estado dañado Ubicación Sala donde se ubica Nombre de la colección Fecha de adquisición o compra Costo, precio normal en soles Signatura topográfica Código de Barras Última vez visto (Koha) Tipo de ítem (Koha)
No     Sala Humanidades Sala Humanidades Book Cart 2019-03-01 10.00 330.5 / L54 SH0000002210 2019-03-01 Libros-BMC

Powered by Koha